Die Grossen englischen maler der blütezeit (Record no. 5124)

MARC details
000 -CABECERA
campo de control de longitud fija 00771nam a2200253 a 4500
001 - NÚMERO DE CONTROL
campo de control BRCA_5430
005 - FECHA Y HORA DE LA ÚLTIMA TRANSACCIÓN
campo de control 20190320205056.0
008 - DATOS DE LONGITUD FIJA--INFORMACIÓN GENERAL
campo de control de longitud fija 131210s1948----gw-a######---#000-0#ger-#
041 ## - CÓDIGO DE LENGUA
Código de lengua del texto/banda sonora o título independiente ger
044 ## - CÓDIGO DEL PAÍS DE LA ENTIDAD EDITORA/PRODUCTORA
Código MARC del país gw
050 #4 - SIGNATURA TOPOGRÁFICA DE LA BIBLIOTECA DEL CONGRESO
Número de clasificación ND461
Número de documento/Ítem .H37 1948
100 1# - ENTRADA PRINCIPAL--NOMBRE DE PERSONA
Nombre de persona Hartlaub, G.F.
9 (RLIN) 13866
245 10 - MENCIÓN DE TÍTULO
Título Die Grossen englischen maler der blütezeit
Resto del título 1750-1840
Mención de responsabilidad, etc. von G.F. Hartlaub.
260 ## - PUBLICACIÓN, DISTRIBUCIÓN, ETC.
Lugar de publicación, distribución, etc. Múnich
Nombre del editor, distribuidor, etc. Münchner : Bisher F. Bruckmann
Fecha de publicación, distribución, etc. 1948
300 ## - DESCRIPCIÓN FÍSICA
Extensión 183 p.
Otras características físicas il., (algunas a color) 115 láminas
Dimensiones 26 cm.
500 ## - NOTA GENERAL
Nota general Incluye índice de artistas
500 ## - NOTA GENERAL
Nota general E146
600 14 - PUNTO DE ACCESO ADICIONAL DE MATERIA--NOMBRE DE PERSONA
Nombre de persona Maler der Blutezeit
Fechas asociadas al nombre 1730-1840
9 (RLIN) 13867
650 14 - PUNTO DE ACCESO ADICIONAL DE MATERIA--TÉRMINO DE MATERIA
Término de materia o nombre geográfico como elemento de entrada Pintura inglesa
9 (RLIN) 9430
650 14 - PUNTO DE ACCESO ADICIONAL DE MATERIA--TÉRMINO DE MATERIA
Término de materia o nombre geográfico como elemento de entrada Pintores ingleses
9 (RLIN) 13697
650 14 - PUNTO DE ACCESO ADICIONAL DE MATERIA--TÉRMINO DE MATERIA
Término de materia o nombre geográfico como elemento de entrada Pintura
Subdivisión general Historia
9 (RLIN) 13868
902 ## - CATALOGADOR
Iniciales GFM
942 ## - ELEMENTOS DE PUNTO DE ACCESO ADICIONAL (KOHA)
Fuente del sistema de clasificación o colocación Library of Congress Classification
Tipo de ítem Koha Libros
Holdings
Estado de retiro Estado de pérdida Estado dañado No para préstamo Localización permanente Ubicación/localización actual Fecha de adquisición Número de inventario Total de préstamos Signatura topográfica completa Código de barras Fecha visto por última vez Precio válido a partir de Tipo de ítem Koha
El ejemplar forma parte de la colección y puede ser consultado según las políticas vigentes.       Biblioteca del Museo Franz Mayer (Rogerio Casas-Alatriste) Biblioteca del Museo Franz Mayer (Rogerio Casas-Alatriste) 13/12/2010 E146   ND461 .H37 1948 (E146) 5865 22/03/2019 22/03/2019 Libros